| 000 | 01238cam a2200325 i 4500 | ||
|---|---|---|---|
| 001 | 54582 | ||
| 003 | Mx-PuUPA | ||
| 005 | 20250306144624.0 | ||
| 008 | 140415s2014 sp gr 000 0 spa d | ||
| 020 | _a8474907902 | ||
| 040 |
_aMx-PuUPA _bspa _cMx-PuUPA _dMx-PuUPA _erda |
||
| 041 | 1 |
_aspa _hger |
|
| 100 | 0 |
_aBenedict, _bXVI, _cPope, _d1927-2022 _96580 _eautor |
|
| 240 | 1 | 0 |
_aDer Gott des glaubens und der Gott der philosophen. _lEspañol |
| 245 | 1 | 3 |
_aEl Dios de la fe y el Dios de los filósofos / _cJoseph Ratzinger ; traducción de Jesús Aguirre |
| 250 | _aTercera edición | ||
| 264 | 1 |
_aMadrid : _bEdiciones Encuentro, _c2014 |
|
| 300 |
_a33 páginas ; _c21 cm |
||
| 336 |
_2rdacontent _atexto _btxt |
||
| 337 |
_2rdamedia _asin medio _bn |
||
| 338 |
_2rdacarrier _avolumen _bnc |
||
| 490 | 0 |
_aOpuscula philosophica ; _v27 |
|
| 650 | 7 |
_aDios _2armarc |
|
| 700 | 1 |
_aAguirre, Jesús, _etraductor |
|
| 765 | 0 |
_aBenedict, XVI, Pope, 1927-2022 _tDer Gott des glaubens und der Gott der philosophen. _dMünchen-Zürich : Schnell & Steiner, 1960 |
|
| 942 |
_2ddc _cLI _h211 _iR2318 |
||
| 999 |
_c54582 _d54582 |
||